| 000 | 00336 a2200145 4500 | ||
|---|---|---|---|
| 003 | Nust | ||
| 005 | 20251008172450.0 | ||
| 040 | _cNust | ||
| 082 | _a621,LIN | ||
| 100 |
_aLinear IC'S _9131034 |
||
| 245 |
_aData Pack J : _cLinear IC'S / |
||
| 260 |
_aNorthants _bLIner IC'S _c1994 |
||
| 500 | _acontents not available | ||
| 942 |
_2ddc _cBK |
||
| 999 |
_c190901 _d190901 |
||